000 00747cam a2200265 4500
001 J92141
008 090401t1998 xxu||||| |||| 00| 0 eng d
035 _a(Sirsi) u86647
041 _aeng
050 _a333.33709421
110 _aHillier Parker
_92054
245 _aCentral London office market. - Quarter 1 1998 - Quarter 3 1998
260 _aLondon
_bHillier Parker
_c1998
300 _a3 pt. ; 30cm.
350 _a0
650 _aLONDON
650 _aOFFICE DEVELOPMENT
650 _aOFFICE FLOORSPACE
650 _aPROPERTY-COMMERCIAL PROPERTY-OFFICE PROPERTY-OFFICE PROPERTY MARKET
650 _aOFFICES
690 _aPROPERTY-COMMERCIAL PROPERTY
710 _aCB Hillier Parker
_93660
942 _n0
948 _c08/06/1998
999 _c97148
_d97148